000 00603nam a22002057a 4500
003 UA-OsUOA
001 46186
007 ta
008 20070608b un ||||| |||| 00| 0 ukr d
090 _a34
_bП-11
942 _cSA
040 _aUA-OsUOA
_bukr
_cUA-OsUOA
_dUA-OsUOA
245 _aПро кількісний склад суддів адміністративних судів/ Ука Президента України від 16 травня 2007 року № 417/2007
300 _aС.7
955 _a0
041 _aukr
080 _a34
773 0 _w46166
650 7 _a32 Політика
_2UDC
999 _c332280
_d332280